000 00270nam a22001097a 4500
082 _a621.395 BOS'C
100 _aBOSCHEN, LEE
_956789
245 _aCOMPUTER CIRCUIT PROJECTS ,YOU CAN BUILD
260 _aINDIAN POLIS
_bHOWARD W.SAMS
_c1963
300 _a143P
942 _cBK
999 _c567135
_d567135